Visualizzazione normale
Vista MARC
- Paulicelli Michele
di Personal Name
Records bibliografici associati: 3
001 - CONTROL NUMBER
- control field: 788
003 - CONTROL NUMBER IDENTIFIER
- control field: IT-RoPau
005 - DATE AND TIME OF LATEST TRANSACTION
- control field: 20131029215246.0
008 - FIXED-LENGTH DATA ELEMENTS
- fixed length control field: 131029|| aca||aabn | a|a d
040 ## - CATALOGING SOURCE
- Original cataloging agency: IT-RoPau
- Transcribing agency: IT-RoPau
100 ## - HEADING--PERSONAL NAME
- Personal name: Paulicelli Michele
670 ## - SOURCE DATA FOUND
- Source citation: Work cat.: (IT-RoPau)103972: Paulicelli Michele, Forza venite gente (Lp Bl 31608)